Legal Principles of Contracts and Negotiable Instruments / (Record no. 450)

MARC details
000 -LEADER
fixed length control field 00578nam a22001817a 4500
005 - DATE AND TIME OF INPUT
control field 20231109055654.0
008 - DATA ELEMENTS--GENERAL INFORMATION
fixed length control field 231109b |||||||| |||| 00| 0 eng d
020 ## - INTERNATIONAL STANDARD BOOK NUMBER
International Standard Book Number 0409028053
041 ## - LANGUAGE CODE
Language code of text Englisjh
082 ## - SHELF NUMBER
DDC number 346.2 LEG
100 ## - MAIN AUTHOR
Main author's name Fouche, MA et al.
Language of a work English
245 ## - TITLE STATEMENT
Title Legal Principles of Contracts and Negotiable Instruments /
Statement of responsibility, etc. MA Fopuche et al.
250 ## - EDITION STATEMENT
Edition statement Third Edition
260 ## - PUBLICATION, DISTRIBUTION, ETC.
Place of publication, distribution, etc. Durban :
Name of publisher, distributor, etc. Butterworth Publishers (Pty) Ltd,
300 ## - PHYSICAL DESCRIPTION
Other physical details vi, 17 pages ;
Dimensions 25 cm.
650 ## - SUBJECT`
Broad subject Legal practice
Own subject terms Law
942 ## - ADDED ENTRY ELEMENTS (KOHA)
Item type Books
942 ## - ADDED ENTRY ELEMENTS (KOHA)
-- ALISON_BN_VRIES
Holdings
Source of classification or shelving scheme Not for loan Collection code Home library Current library Shelving location Date acquired Full call number Barcode Price effective from Koha item type
Dewey Decimal Classification   TEXT BOOKS LAW SOCIETY OF NAMIBIA LIBRARY - WINDHOEK LAW SOCIETY OF NAMIBIA LIBRARY - WINDHOEK Damage law 11/09/2023 346.2 LEG LSN/1998/39 11/09/2023 Books